00361pab a2200133 454500008004000000100002200040245007400062260000900136300001000145362001200155650002800167650002000195773001200215180718b1998 xxu||||| |||| 00| 0 eng d aBhagwati, Jagdish aIndia's economic reforms: dismantling the machine for going backwards c1998 ap.5-7 aJan-Mar aEconomic reform - India aEconomic reform aVikalpa